Normal view
MARC view
Entry Personal Name
001 - CONTROL NUMBER
- control field: 782487
003 - CONTROL NUMBER IDENTIFIER
- control field: OSt
005 - DATE AND TIME OF LATEST TRANSACTION
- control field: 20250508165937.0
008 - FIXED-LENGTH DATA ELEMENTS
- fixed length control field: 250508|| aca||aabn | a|a d
040 ## - CATALOGING SOURCE
- Original cataloging agency: OSt
- Transcribing agency: OSt
100 ## - HEADING--PERSONAL NAME
- Personal name: Donsel Tenzin
670 ## - SOURCE DATA FOUND
- Source citation: Work cat.: (OSt)1398334: Donsel Tenzin, Religio- cultural identity of Tibetan refugee children in a Tibetan refugee school in India, 2018
